Toyota production system : an integrated approach to just-in-time /

Bibliographic Details
Main Author: Monden, Yasuhiro, 1940- (Author)
Format: eBook
Language:English
Published: Boca Raton, Florida ; London, [England] ; New York, [New York] : CRC Press, 2012.
Edition:Fourth edition.
Subjects:
Online Access:Click to View
LEADER 01977nam a2200457 i 4500
001 EBC1446651
003 MiAaPQ
005 20200520144314.0
006 m o d |
007 cr cnu||||||||
008 160715t20122012fluad ob 000 0 eng d
020 |z 9781439820971 
020 |a 9781466504516  |q (electronic bk.) 
035 |a (MiAaPQ)EBC1446651 
035 |a (Au-PeEL)EBL1446651 
035 |a (CaPaEBR)ebr11166082 
035 |a (OCoLC)908077664 
040 |a MiAaPQ  |b eng  |e rda  |e pn  |c MiAaPQ  |d MiAaPQ 
043 |a a-ja--- 
050 4 |a TL278  |b .M663 2012 
082 0 |a 658.5  |2 23 
100 1 |a Monden, Yasuhiro,  |d 1940-  |e author. 
245 1 0 |a Toyota production system :  |b an integrated approach to just-in-time /  |c Yasuhiro Monden. 
250 |a Fourth edition. 
264 1 |a Boca Raton, Florida ;  |a London, [England] ;  |a New York, [New York] :  |b CRC Press,  |c 2012. 
264 4 |c 2012 
300 |a 1 online resource (548 pages) :  |b illustrations, charts 
336 |a text  |2 rdacontent 
337 |a computer  |2 rdamedia 
338 |a online resource  |2 rdacarrier 
504 |a Includes bibliographical references. 
588 |a Description based on print version record. 
590 |a Electronic reproduction. Ann Arbor, MI : ProQuest, 2016. Available via World Wide Web. Access may be limited to ProQuest affiliated libraries. 
610 2 0 |a Toyota Jidosha Kabushiki Kaisha. 
650 0 |a Automobile industry and trade  |x Production control  |z Japan. 
650 0 |a Just-in-time systems. 
650 0 |a Production management  |z Japan. 
655 4 |a Electronic books. 
776 0 8 |i Print version:  |a Monden, Yasuhiro, 1940-  |t Toyota production system : an integrated approach to just-in-time.  |b Fourth edition.  |d Boca Raton, Florida ; London, [England] ; New York, [New York] : CRC Press, c2012   |h xlvi, 500 pages   |z 9781439820971   |w 2011035998 
797 2 |a ProQuest (Firm) 
856 4 0 |u https://ebookcentral.proquest.com/lib/matrademy/detail.action?docID=1446651  |z Click to View